000 00635nam a2200205 i 4500
001 129841
003 ES-MaACL
005 20231207063024.0
007 t|
008 070709s1963 sp ||||1| spa d
100 1 _aZubiri, Xavier,
_d1898-1983
_9118406
245 1 0 _aSobre la esencia /
_cJavier Zubiri.
260 _aMadrid :
_bSociedad de Estudios y Publicaciones,
_c1963.
300 _a522 p. ;
_c25 cm.
490 1 _aEstudios filosóficos ;
_v1
650 0 4 _aEsencia (Filosofía)
_912457
830 0 _aEstudios filosóficos ;
_v1
_9186785
852 _aES-MaACL
_jP-827- bis
_bR.51785
999 _c129841
_d129841